|
|
|
|
| LEADER |
01290nam a2200385 a 4500 |
| 001 |
nkc20081797516 |
| 003 |
CZ PrNK |
| 005 |
20110224151455.0 |
| 007 |
ta |
| 008 |
080325s2008 xr af e f 000 0 cze |
| 015 |
|
|
|a cnb001797516
|
| 020 |
|
|
|a 978-80-903580-1-0
|q (Luděk Neužil :
|q váz.)
|
| 035 |
|
|
|a (OCoLC)237069072
|
| 040 |
|
|
|a OLA001
|b cze
|d ABA001
|
| 072 |
|
7 |
|a 641
|x Kuchařství. Potraviny. Vařená jídla
|2 Konspekt
|9 19
|
| 080 |
|
|
|a 634.13.076
|2 MRF
|
| 080 |
|
|
|a 641.55:634.1/.8
|2 MRF
|
| 080 |
|
|
|a (083.12)
|2 MRF
|
| 245 |
0 |
0 |
|a Hrušky v naší kuchyni
|
| 250 |
|
|
|a 1. vyd.
|
| 260 |
|
|
|a Praha :
|b Luděk Neužil,
|c 2008
|
| 300 |
|
|
|a 79 s., [16] s. barev. obr. příl. :
|b il. ;
|c 22 cm
|
| 500 |
|
|
|a Vydáno pro potřeby Ovocnářské unie České republiky
|
| 650 |
0 |
7 |
|a hrušky
|7 ph508929
|2 czenas
|
| 650 |
0 |
7 |
|a ovocná jídla
|7 ph115630
|2 czenas
|
| 650 |
0 |
9 |
|a pears
|2 eczenas
|
| 650 |
0 |
9 |
|a fruit dishes
|2 eczenas
|
| 655 |
|
7 |
|a kuchařské recepty
|7 fd132687
|2 czenas
|
| 655 |
|
9 |
|a cookbooks
|2 eczenas
|
| 710 |
2 |
|
|a Ovocnářská unie České republiky
|7 olak2005284603
|
| 910 |
2 |
|
|a BOA001
|b 2-1202.719
|
| 990 |
|
|
|a BK
|
| 995 |
|
|
|a 01
|
| 991 |
|
|
|b 200806
|c NOV
|
| 996 |
6 |
|
|b 2610343231
|c 2-1202.719
|l MZK
|r Sklad / do 1 hodiny
|n 0
|p p.v.
|w 000895771
|u 000010
|a 1
|e BOA001
|j MZK50
|s P
|